| 000 | 00708 a2200217 4500 | ||
|---|---|---|---|
| 001 | 43800 | ||
| 005 | 20260407155718.0 | ||
| 008 | 260407a1956 arg spa d | ||
| 003 | AR-UNSa-BCEJYS | ||
| 040 |
_aAR-UNSa-BCEJYS _bspa _cAR-UNSa-BCEJYS |
||
| 080 |
_a330.342.14 _xEconomía capitalista |
||
| 245 | 1 | 0 |
_aImperialismo económico _bCooperación económica : constraste de métodos _pla lección del Este de Europa |
| 264 | 1 |
_aBuenos Aires : _bÁgora _c1956 |
|
| 300 |
_a123 p. _c18 cm. |
||
| 505 | _a1. Burdos despojos - 2. Transición - 3. Despojos indirectos | ||
| 041 | _aspa | ||
| 942 | _cBK | ||
| 590 | _aniveau_biblio:m niveau_hierar:0 | ||
| 100 | 1 | _aZauberman, Alfred | |
| 700 | 1 | _aWoods, B.J.P. | |
| 999 |
_c3719 _d3719 |
||